000 00657cam a22002052 4500
001 0000007337
005 20151217161137.0
008 080110s xx 000 0 eng d
020 _cKES 1000
040 _aKABU
_cKABU
110 2 _aKenya.
_bCentral Bureau of Statistics.
_@0000149899
245 1 0 _aKenya population census 1989 Volume II /
_cCentral Bureau of Statistics.
260 _aNairobi :
_bGovt. Printer,
_c1994.
300 _a590 p.
650 0 _aKenya
_bCensus
_y1989.
_@0000158559
650 0 _aKenya
_bPopulation
_vStatistics.
_@0000158560
908 _a080110
950 _@1
999 _c15026
_d15026